|
|
|
|
| LEADER |
00000nab a2200000ua 4500 |
| 001 |
vtls010847327 |
| 003 |
SK-MaSNL |
| 005 |
20260225184223.0 |
| 008 |
230121s2008 xo |||||||||||||||||slo| |
| 035 |
|
|
|a (urnnbn)urn:nbn:sk:snk:ar-a076oy
|
| 035 |
|
|
|a urn:nbn:sk:snk-ab68il
|
| 035 |
|
|
|a (uuid)784b37ec-362f-4e18-8278-0cbb61b3baaa
|
| 040 |
|
|
|a SNKBUCL
|b slo
|c SNKBUCL
|e AACR2
|
| 041 |
0 |
|
|a slo
|
| 044 |
|
|
|a xo
|c SK
|
| 245 |
0 |
0 |
|a DÔVODOVÁ SPRAVA K NÁVRHU NOVÉHO ZÁKONA O POUŽÍVANÍ ELEKTRONICKEJ REGISTRAČNEJ POKLADNICE
|
| 773 |
0 |
|
|t Manažment, mzdy a financie : časopis pre ekonómov, podnikateľov, podniky a organizácie
|g Roč. 15, č. 10-11 (2008), s. 319-331
|
| 954 |
|
|
|a odborná, vedecká literatúra pôvodná (slovenská)
|2 lita
|
| 958 |
|
|
|a OND
|
| 958 |
|
|
|a EUIPO
|
| 958 |
|
|
|a article5
|
| 999 |
|
|
|c 1877331
|d 1879261
|